Представление документа в формате RUSMARC

ПолеНазваниеЗначение
  Тип записи a
  Библиографический уровень m
001 Контрольный номер LIBNET\0001372719
005 Дата корректировки 20260423170409.0
010 Индекс ISBN __
a ISBN 978-5-392-44008-5
9 Тираж 5000 экз.
100 Данные общей обработки __
a Данные общей обработки 20260402d2023 u y0rusy0189 cа
101 Язык документа 0_
a Язык текста rus
102 Страна публикации __
a Страна публикации RU
105 Кодированные данные (монография) __
a Кодированные данные (монография) a z 000ay
200 Заглавие и сведения об ответственности 1_
a Заглавие Преступление и наказание
f Первые сведения об ответственности Фёдор Достоевский
e Сведения, относящиеся к заглавию роман
g Последующие сведения об ответственности художник Т. Ю. Зайцев
203 Вид содержания и тип средства __
a Вид содержания Текст
b Характеристика содержания визуальный
c Тип средства непосредственный
210 Выходные данные 1_
a Место издания Москва
c Издательство Проспект
d Дата издания 2026
215 Физическое описание __
a Объем 588, [1] с.
c Иллюстрации/тип воспроизводства ил.
d Формат 20 см
225 Серия 1_
a Серия Роман с книгой
333 Примечание о целевом назначении __
a Примечание о целевом назначении 16+
606 Тематические рубрики 0_
a Основная рубрика Проза (х. л.)
610 Ключевые слова 0_
a Ключевые слова проза русская
686 Индексы других классификаций __
2 Код системы rubbk
a Классификационный индекс 84Р1-4
700 Автор _1
a Фамилия Достоевский
b Имя (инициалы) Ф. М.
g Полное личное имя Фёдор Михайлович
702 Вторичная интеллектуальная ответственность _1
a Фамилия Зайцев
b Имя (инициалы) Т. Ю.
4 Код отношения 040
801 Источник записи _0
a Страна RU
b Организация НБР Марий Эл
c Дата составления 20240110
g Правила каталогизации rcr
801 Источник записи _1
a Страна RU
b Организация НБР Марий Эл
c Дата составления 20240110
2 Код формата rusmarc
801 Источник записи _2
a Страна RU
b Организация Ульяновская ОНБ
c Дата составления 20260402
g Правила каталогизации RCR
900 Электронные ресурсы __
a Имя электронного ресурса проспект20260125
900 Электронные ресурсы __
a Имя электронного ресурса проспект20260126
901 Тип документа __
t Тип документа m
909 Создатель записи __
a Создатель записи Макушик
b Дата создания записи 20260402
910 Корректоры записи __
a Корректор записи Пряхина
b Дата внесения изменения в запись 20260423